|
|
|
|
| LEADER |
01270cam a2200373 7i4500 |
| 001 |
0000072524 |
| 005 |
20250324090000.0 |
| 008 |
250324t2024 my # e # 0 may#d |
| 020 |
# |
# |
|a 9786297564722
|
| 040 |
# |
# |
|a BK
|
| 041 |
# |
# |
|a may
|
| 082 |
0 |
# |
|a 153.6
|
| 090 |
0 |
4 |
|a 153.6
|b OH
|
| 100 |
1 |
# |
|a Oh, Su Hyang
|e author
|
| 245 |
1 |
0 |
|a Bicara Itu Ada Seninya /
|c OH SU HYANG ; Editor Senior: Noor Ashikin Mohamad Yusuf ; Penterjemah: Siti Rahmah Mokhtaruddin ; Penyunting: Muhammad Najmi Mohamad Yusuf.
|
| 250 |
# |
# |
|a Edisi terjemahan Bahasa Melayu.
|
| 264 |
# |
4 |
|c ♭2024
|
| 264 |
# |
1 |
|a Batu Caves, Selangor
|b PTS PUBLISHING HOUSE SENDIRIAN BERHAD
|c 2024
|
| 300 |
# |
# |
|a xii, 199 pages;
|c 21cm.
|
| 336 |
# |
# |
|a text
|2 rdacontent
|
| 337 |
# |
# |
|a unmediated
|2 rdamedia
|
| 338 |
# |
# |
|a volume
|2 rdacarrier
|
| 583 |
# |
# |
|a LULUS
|
| 583 |
# |
# |
|a DALAM PROSES ELMU
|
| 650 |
2 |
0 |
|a Oral communication
|
| 650 |
1 |
0 |
|a Interpersonal communication
|
| 650 |
2 |
0 |
|a Communication
|
| 700 |
0 |
# |
|a Noor Ashikin Mohamad Yusuf
|
| 700 |
0 |
# |
|a Siti Rahmah Mokhtaruddin
|
| 700 |
0 |
# |
|a Muhammad Najmi Mohamad Yusuf
|
| 997 |
# |
# |
|a BK ELMU
|
| 998 |
# |
# |
|a 1000075663 5000016664
|
| 999 |
|
|
|a 1000075663
|b BOOK
|c Main Non-Fiction
|e INTAN Bukit Kiara
|
| 999 |
|
|
|a 5000016664
|b BOOK
|c Main Non-Fiction
|e INTAN Jalan Elmu
|